000
00306nam a2200121 a 4500
005
20140414131852.0
008
100807s19uu xx 00 eng d
050
_a
M 611
_b
Am1 2001
245
_a
My amazing body.
260
_a
London :
_b
Alligator books,
_c
2001.
650
_a
Human anatomy
999
_c
110248
_d
110248